Statystyki dla Zwyciezkie kluby w roznych ligach

Kliknij tutaj aby rozwiązać quiz!

Ogólne statystyki

  • Ten quiz został rozwiązany 315 razy
  • Średni wynik to 8 z 9

Statystyki odpowiedzi

HintOdpowiedź% Poprawnych
Mistrz NiemiecBayern
99%
Mistrz WłochJuventus
99%
Mistrz FrancjiPSG
99%
Mistrz AngliManchester City
98%
Zwyciezca Ligi mistrzowLiverpool
91%
Mistrz HiszpaniBarcelona
90%
Zwyciezca super pucharu europyLiverpool
77%
Zwyciezca klubowych mistrzostw świataLiverpool
73%
Zyciezca Ligi EuropyChelsea
70%

Rozkład punktacji

Percentyl według liczby udzielonych odpowiedzi

Procent ludzi z każdym wynikiem

Twoja historia wyników

Nie rozwiązałeś tego quizu